Pět říší. Legenda o Podkinovi Jednooušku /
Úvodní část trilogie o legendárních dobrodružstvích neohroženého králíka Podkina Jednoouška, nejslavnějšího hrdiny v celých Pěti říších.
Uloženo v:
| Série: | Pět říší,
část 1 |
|---|---|
| Hlavní autor: | |
| Další autoři: | |
| Médium: | E-kniha |
| Jazyk: | Czech |
| Vydáno: |
V Praze :
Albatros,
2019
|
| Vydání: | 1. vydání |
| Témata: | |
| Příbuzné jednotky: | Z cyklu::
Pět říší |
| Tagy: |
Žádné tagy |
| LEADER | 02550nam a2200505 i 4500 | ||
|---|---|---|---|
| 001 | 302826 | ||
| 003 | CZ PrSKC | ||
| 005 | 20260515063232.0 | ||
| 007 | ta | ||
| 008 | 191114s2019 xr a c 000 f cze | ||
| 015 | |a cnb003159886 | ||
| 020 | |a 9788000056753 |q (vázáno) : |c Kč 269,00 | ||
| 035 | |a (OCoLC)1140097465 | ||
| 040 | |a ABG001 |b cze |d ABA001 |e rda | ||
| 041 | 1 | |a cze |h eng | |
| 072 | 7 | |a 821.111-3 |x Anglická próza, anglicky psaná |2 Konspekt | |
| 072 | 7 | |a 821-93 |x Literatura pro děti a mládež (beletrie) |2 Konspekt | |
| 080 | |a 821.111-31 |2 MRF | ||
| 080 | |a 821-93 |2 MRF | ||
| 080 | |a (0:82-31) |2 MRF | ||
| 100 | 1 | |a Larwood, Kieran |7 xx0242120 |4 aut | |
| 245 | 1 | 0 | |a Pět říší. |p Legenda o Podkinovi Jednooušku / |c Kieran Larwood ; přeložila Petra Miketová |
| 246 | 3 | 0 | |a Legenda o Podkinovi Jednooušku |
| 250 | |a 1. vydání | ||
| 264 | 1 | |a V Praze : |b Albatros, |c 2019 | |
| 300 | |a 208 stran : |b ilustrace ; |c 21 cm | ||
| 336 | |a text |b txt |2 rdacontent | ||
| 337 | |a bez média |b n |2 rdamedia | ||
| 338 | |a svazek |b nc |2 rdacarrier | ||
| 500 | |a Přeloženo z angličtiny | ||
| 500 | |a Na hřbetu označení svazku: 1 | ||
| 520 | 2 | |a Úvodní část trilogie o legendárních dobrodružstvích neohroženého králíka Podkina Jednoouška, nejslavnějšího hrdiny v celých Pěti říších. |b U ohně v Trnkové noře během Ostružinkového večera byste slyšeli špendlík na zem spadnout. To potulný bard začíná vyprávět příběh o Podkinu Jednouchém. O hrdinovi, který vyrostl z rozmazleného králíčete poté, co Všedninkovou noru přepadli děsiví Gormové a on se svými sourozenci musel prchnout do temné zimní noci. | |
| 521 | 8 | |a Pro čtenáře od 9 let | |
| 655 | 7 | |a anglické romány |7 fd131814 |2 czenas | |
| 655 | 7 | |a publikace pro děti |7 fd133156 |2 czenas | |
| 655 | 9 | |a English fiction |2 eczenas | |
| 655 | 9 | |a children's literature |2 eczenas | |
| 700 | 1 | |a Badalec, Petra, |d 1993- |7 ola20191033178 |4 trl | |
| 787 | 0 | 8 | |i Z cyklu: |t Pět říší |g 1 |
| 900 | |a ABA001 |b 21 | ||
| 928 | 9 | |a Albatros Media - Albatros | |
| 044 | |a xr | ||
| 910 | |a RBIT002 | ||
| 998 | |d 202326 |a https://core.palmknihy.cz/api/books/202326/cover?tf0sle |b https://core.palmknihy.cz/api/books/202326/cover/400?tf0sle |c https://core.palmknihy.cz/api/books/202326/cover/50?tf0sle |e 2029-12-10 |g 216 |i 9788000056753 |j https://core.palmknihy.cz/api/books/202326/preview.epub |k https://core.palmknihy.cz/api/books/202326/preview.pdf |l |q 49 |r 1 |s https://www.palmknihy.cz/kniha/202326 |t ebook |y 2019 |z 0 |v Podkin Jednoouško |w 1 | ||
| 999 | |d 302824 | ||